[Event "AUTO-ADV-4479"]
[Site "http://www.queenalice.com/game.php?id=1647931"]
[Date "2021.3.27"]
[Round "1"]
[White "chessman"]
[Black "cristianoreboucasbc"]
[Result "1-0"]
[WhiteElo "1996"]
[BlackElo "1678"]

1. e4 e5 2. Nf3 Nc6 3. Bb5 Nf6 4. O-O Qe7 5. Re1 h6 6. b3 Qc5 7. Nc3 Be7 8. Bb2
Ng4 9. Qe2 d6 10. Rad1 a6 11. Bxc6+ bxc6 12. d4 exd4 13. Nxd4 Bf6 14. Na4 Qe5
15. Nf3 Qh5 16. e5 dxe5 17. h3 O-O 18. hxg4 Bxg4 19. Qe4 Rfe8 20. Rd3 Rad8 21.
Red1 1-0

[Event "AUTO-ADV-4479"]
[Site "http://www.queenalice.com/game.php?id=1647932"]
[Date "2021.3.27"]
[Round "1"]
[White "cristianoreboucasbc"]
[Black "chessman"]
[Result "0-1"]
[WhiteElo "1682"]
[BlackElo "1992"]

1. e4 e6 2. Nc3 d5 3. exd5 exd5 4. Bb5+ c6 5. Ba4 Nf6 6. Qe2+ Be7 7. d3 O-O 8.
a3 Bd6 9. Nf3 Re8 10. Be3 Bg4 11. d4 Ne4 12. h3 Nxc3 13. bxc3 Bh5 14. h4 Qa5 15.
Bb3 Qxc3+ 16. Qd2 Qxa1+ 17. Qc1 Rxe3+ 18. fxe3 Qxc1+ 19. Kf2 Qxa3 20. Nd2 Nd7
21. g3 a5 0-1

[Event "AUTO-ADV-4479"]
[Site "http://www.queenalice.com/game.php?id=1647945"]
[Date "2021.3.27"]
[Round "1"]
[White "cristianoreboucasbc"]
[Black "cumpadretonim"]
[Result "1-0"]
[WhiteElo "1675"]
[BlackElo "1476"]

1. c3 d5 2. d4 Nc6 3. Nf3 Bg4 4. h3 Bxf3 5. gxf3 e6 6. Qd2 Nf6 7. Rg1 Qd6 8. Qf4
Qxf4 9. Bxf4 Rc8 10. Na3 Bxa3 11. bxa3 Nh5 12. Bc1 g6 13. Rb1 b6 14. e3 e5 15.
Bb5 Kd7 16. dxe5 a6 17. Bxa6 Ra8 18. Bb5 Ng7 19. Rb4 Ra5 20. Rgg4 Ne6 21. c4
dxc4 22. Rgxc4 Nc5 23. Rd4+ Ke6 24. Bxc6 Na6 25. Rb5 Rxb5 26. Bxb5 Nc5 27. e4
Kxe5 28. Rd7 Nxd7 29. Bb2+ Ke6 30. Bxh8 f6 31. Bxd7+ Kxd7 32. Bxf6 1-0

[Event "AUTO-ADV-4479"]
[Site "http://www.queenalice.com/game.php?id=1647946"]
[Date "2021.3.27"]
[Round "1"]
[White "cumpadretonim"]
[Black "cristianoreboucasbc"]
[Result "0-1"]
[WhiteElo "1434"]
[BlackElo "1683"]

1. Nf3 f6 2. e4 e5 3. d4 d6 4. dxe5 dxe5 5. Nc3 Qxd1+ 6. Nxd1 Nc6 7. Bb5 Bd7 8.
Bxc6 Bxc6 9. Be3 Nh6 10. Bxh6 gxh6 11. Nd2 Rd8 12. f3 Rg8 13. g4 Bb4 14. c3 Be7
15. Nc4 b6 16. Nde3 Rg5 17. Nf5 h5 18. Nxe7 Kxe7 19. h4 Rg6 20. gxh5 Rg3 21. Kf2
Rg7 22. Rhg1 Rf7 23. Rad1 Rxd1 24. Rxd1 Bb5 25. Na3 Bc6 26. b4 f5 27. Ke3 f4+
28. Kf2 Rf6 29. Nc4 Re6 30. Rg1 h6 31. Rg6 Be8 32. Rg7+ Bf7 33. Ke2 Kf8 0-1

[Event "AUTO-ADV-4479"]
[Site "http://www.queenalice.com/game.php?id=1647947"]
[Date "2021.3.27"]
[Round "1"]
[White "cristianoreboucasbc"]
[Black "carlitomontana93270"]
[Result "0-1"]
[WhiteElo "1699"]
[BlackElo "1871"]

1. e3 c5 2. c3 e6 3. Na3 d6 4. Qf3 Nf6 5. Nh3 Be7 6. Bb5+ Nbd7 7. b3 O-O 8. Bb2
a6 9. Bd3 Ne5 10. Qe2 Nxd3+ 11. Qxd3 Bd7 12. Nc4 Qc7 13. f3 b5 14. Na3 e5 15. g4
h6 16. g5 Bxh3 17. gxf6 Bxf6 18. O-O-O Qd7 19. Rdg1 Bf5 20. e4 Bg6 21. Rg3 Bh4
22. Rg4 Qe7 23. Qd5 Bh5 24. Rxh4 Qxh4 25. Qxd6 Bxf3 26. Rf1 Qh3 27. Rxf3 Qxf3
28. Qxe5 Rad8 29. c4 Qf1+ 30. Kc2 Qd3+ 31. Kc1 Qxd2+ 32. Kb1 Qe1+ 33. Bc1 Rd1
34. Qc3 Qxc3 35. Nc2 Qd3 36. Kb2 b4 37. Be3 Qf1 0-1

[Event "AUTO-ADV-4479"]
[Site "http://www.queenalice.com/game.php?id=1647948"]
[Date "2021.3.27"]
[Round "1"]
[White "carlitomontana93270"]
[Black "cristianoreboucasbc"]
[Result "1-0"]
[WhiteElo "1880"]
[BlackElo "1690"]

1. c4 e6 2. d4 Bb4+ 3. Bd2 Qe7 4. a3 Bxd2+ 5. Nxd2 c6 6. e3 Nf6 7. Ngf3 d6 8.
Bd3 h6 9. O-O g5 10. Ne1 e5 11. dxe5 Qxe5 12. b3 h5 13. Ndf3 Qe7 14. Nxg5 Rg8
15. Ngf3 d5 16. cxd5 Nxd5 17. b4 Bh3 18. Qc2 Qf6 19. Kh1 Bxg2+ 20. Nxg2 Nd7 21.
Rg1 Ne5 22. Nxe5 Qxe5 23. Be4 Rd8 24. Bxd5 Rxd5 25. Rad1 a6 26. Rxd5 Qxd5 27. e4
Qd4 28. f3 Ke7 29. Qc5+ Qxc5 30. bxc5 Rg5 31. Nh4 Rxc5 32. Rb1 b5 33. Rb3 1-0

[Event "AUTO-ADV-4514"]
[Site "http://www.queenalice.com/game.php?id=1763037"]
[Date "2021.6.26"]
[Round "1"]
[White "Capixaba789"]
[Black "cristianoreboucasbc"]
[Result "1-0"]
[WhiteElo "1709"]
[BlackElo "1689"]

1. e4 e5 2. Nf3 f6 3. Bc4 Ne7 4. d3 c6 5. Nc3 b5 6. Bxb5 cxb5 7. Be3 Nec6 8. d4
b4 9. Nd5 Qa5 10. O-O Ne7 11. Nxe7 Bxe7 12. d5 d6 13. a3 a6 14. a4 Bd7 15. Nh4
g6 16. f4 f5 17. fxe5 dxe5 18. Nf3 Bf6 19. b3 fxe4 20. Nd2 Qd8 21. Nxe4 Be7 22.
d6 Bc6 23. Qf3 Bxd6 24. Qf7# 1-0

[Event "AUTO-ADV-4514"]
[Site "http://www.queenalice.com/game.php?id=1763038"]
[Date "2021.6.26"]
[Round "1"]
[White "cristianoreboucasbc"]
[Black "Capixaba789"]
[Result "1-0"]
[WhiteElo "1674"]
[BlackElo "1728"]

1. e4 d6 2. c3 Nc6 3. d4 e6 4. Nd2 Nf6 5. Ngf3 Be7 6. Bb5 Bd7 7. Qb3 O-O 8. a3
a6 9. Bd3 b6 10. h3 b5 11. g4 Na5 12. Qc2 c5 13. e5 Nd5 14. Bxh7+ Kh8 15. Be4 c4
16. b3 cxb3 17. Nxb3 Nxb3 18. Qxb3 dxe5 19. Nxe5 a5 20. Bxd5 exd5 21. Qxd5 Be6
22. Qxb5 Rb8 23. Qd3 Qd5 24. f3 a4 25. h4 Bd6 26. Bf4 Bxa3 27. Rxa3 Rbe8 28. c4
Qa5+ 29. Kf2 Rb8 30. Qc2 Qa8 31. Rxa4 1-0

[Event "AUTO-ADV-4514"]
[Site "http://www.queenalice.com/game.php?id=1763051"]
[Date "2021.6.26"]
[Round "1"]
[White "Artking"]
[Black "cristianoreboucasbc"]
[Result "1-0"]
[WhiteElo "2085"]
[BlackElo "1722"]

1. e4 e5 2. Nf3 f6 3. Bc4 Ne7 4. d4 d6 5. dxe5 dxe5 6. Bf7+ Kxf7 7. Qxd8 Nbc6 8.
Qd1 Be6 9. c3 g6 10. Nbd2 Rd8 11. Qe2 Bh6 12. O-O Rhg8 13. Nc4 Bxc1 14. Raxc1 b5
15. Ne3 a6 16. Nd2 Na5 17. f4 Ke8 18. fxe5 fxe5 19. b4 Nac6 20. Ng4 Bxg4 21.
Qxg4 Rxd2 22. Rcd1 Rxd1 23. Rxd1 Nb8 24. Qe6 Rf8 25. Qxe5 Kf7 26. Qxc7 Rc8 27.
Rf1+ Ke8 28. Qf4 Nd7 29. Qf7+ Kd8 30. Rd1 Rxc3 31. e5 Rc7 32. e6 Kc8 33. Qe8+
Kb7 34. exd7 Rxd7 35. Rxd7+ 1-0

[Event "AUTO-ADV-4514"]
[Site "http://www.queenalice.com/game.php?id=1763052"]
[Date "2021.6.26"]
[Round "1"]
[White "cristianoreboucasbc"]
[Black "Artking"]
[Result "1-0"]
[WhiteElo "1692"]
[BlackElo "2126"]

1. e4 d5 2. e5 Bf5 3. d4 h6 4. Nf3 a6 5. c3 e6 6. Be3 Nd7 7. Nbd2 c5 8. b3 Ne7
9. Nh4 g5 10. Nxf5 Nxf5 11. g3 Nxe3 12. fxe3 cxd4 13. exd4 Rc8 14. Rc1 b5 15.
Qf3 Qb6 16. b4 Bxb4 17. Nb3 Ba3 18. Rc2 b4 19. Qd3 bxc3 20. Qxa6 Qxa6 21. Bxa6
Rc7 22. Ke2 O-O 23. Ra1 f5 24. Kd3 f4 25. g4 f3 26. Rxc3 Rxc3+ 27. Kxc3 f2 28.
Nd2 Rb8 29. Rb1 Nb6 30. Kd3 Nc4 31. Rxb8+ Kf7 32. Bxc4 dxc4+ 33. Kxc4 Bc1 34.
Nf1 1-0

[Event "AUTO-ADV-4514"]
[Site "http://www.queenalice.com/game.php?id=1763061"]
[Date "2021.6.26"]
[Round "1"]
[White "cristianoreboucasbc"]
[Black "marcoswerneck"]
[Result "1-0"]
[WhiteElo "1679"]
[BlackElo "1799"]

1. d4 d5 2. e3 a6 3. c3 Nc6 4. a3 Nf6 5. h3 Bf5 6. f3 e6 7. g4 Bg6 8. Nd2 Bd6 9.
Ne2 Qd7 10. Nb3 O-O-O 11. Nf4 Bxf4 12. exf4 h6 13. Nc5 Qe7 14. Qb3 b5 15. Nxa6
Na7 16. Bxb5 Nxb5 17. Qxb5 Qd6 18. Nc5 Qb6 19. Qxb6 cxb6 20. Na6 Kb7 21. Nb4 Ra8
22. O-O Kc7 23. a4 Rhc8 24. h4 Bh7 25. Bd2 Kd7 26. b3 Ke8 27. Rfe1 Kf8 28. g5
hxg5 29. fxg5 Nh5 30. Kg2 Bf5 31. Be3 Rxc3 32. Ra3 Rac8 33. Re2 g6 34. Rb2 Rxe3
35. a5 e5 36. dxe5 Nf4+ 37. Kf2 Rcc3 38. axb6 Rxf3+ 39. Ke1 Rc8 40. b7 Rb8 41.
Ra8 Re8 42. Rxe8+ Kxe8 43. b8=Q+ Ke7 44. Nc6+ Kd7 45. Qd6+ 1-0

[Event "AUTO-ADV-4514"]
[Site "http://www.queenalice.com/game.php?id=1763062"]
[Date "2021.6.26"]
[Round "1"]
[White "marcoswerneck"]
[Black "cristianoreboucasbc"]
[Result "1-0"]
[WhiteElo "1888"]
[BlackElo "1720"]

1. e4 e5 2. d3 g6 3. a3 b6 4. Nf3 f6 5. Nc3 c6 6. Be2 d6 7. O-O Nh6 8. h3 g5 9.
Nh2 Rg8 10. Bh5+ Ke7 11. b4 a6 12. a4 f5 13. exf5 Nxf5 14. Qf3 Be6 15. g4 Ng7
16. Bxg5+ Kd7 17. Bxd8 Kxd8 18. Bf7 Bxf7 19. Qxf7 Rh8 20. Qf6+ Ke8 21. Ne4 Ra7
22. Nxd6+ Bxd6 23. Qxd6 Kf7 24. Qxe5 Re8 25. Qf4+ Kg8 26. Rae1 Nd7 27. Qc4+ Kf8
28. Qxc6 b5 29. axb5 axb5 30. Qxb5 Nf6 31. Rxe8+ Nfxe8 32. Qc5+ Re7 33. Re1 1-0

[Event "AUTO-ADV-4528"]
[Site "http://www.queenalice.com/game.php?id=1766997"]
[Date "2021.8.15"]
[Round "1"]
[White "cristianoreboucasbc"]
[Black "silent1"]
[Result "0-1"]
[WhiteElo "1688"]
[BlackElo "1848"]

1. e4 e5 2. c3 c5 3. b3 d6 4. Ne2 Be7 5. a4 Nf6 6. h3 Nxe4 7. f3 Nf6 8. g4 Be6
9. c4 Nc6 10. Ba3 a5 11. Nbc3 b6 12. Nb5 Bc8 13. Qc2 Na7 14. Nec3 Bb7 15. Be2
O-O 16. g5 Nh5 17. h4 Ng3 18. Rg1 Nxe2 19. Nxe2 Bxf3 20. Qd3 Bxe2 21. Qxe2 Nc6
22. d3 Nd4 23. Nxd4 cxd4 24. Bc1 d5 25. Qxe5 Bb4+ 26. Kd1 Bc3 27. Ra2 dxc4 28.
bxc4 Re8 29. Qf4 Bb4 30. h5 Re6 31. h6 Qd6 32. Bd2 Qxf4 33. Bxf4 g6 34. Re2 Rxe2
35. Kxe2 Re8+ 36. Kd1 Re6 37. Bd2 Bxd2 38. Kxd2 Kf8 39. Rf1 Ke7 40. Rf4 Rd6 41.
Ke2 Re6+ 42. Kf3 Re3+ 43. Kf2 Rxd3 0-1

[Event "AUTO-ADV-4528"]
[Site "http://www.queenalice.com/game.php?id=1766998"]
[Date "2021.8.15"]
[Round "1"]
[White "silent1"]
[Black "cristianoreboucasbc"]
[Result "0-1"]
[WhiteElo "1868"]
[BlackElo "1654"]

1. e4 e5 2. Nf3 f6 3. Bc4 d6 4. d4 Nc6 5. d5 Na5 6. Bb5+ Bd7 7. Bxd7+ Qxd7 8.
Bd2 Nc4 9. O-O g5 10. Bc3 h6 11. Nbd2 Nxd2 12. Qxd2 Ne7 13. a4 Rg8 14. b3 Ng6
15. Qc1 Nf4 16. Bd2 Ne2+ 0-1

[Event "AUTO-OPEN-4314"]
[Site "http://www.queenalice.com/game.php?id=1771769"]
[Date "2021.10.9"]
[Round "1"]
[White "francisc059"]
[Black "cristianoreboucasbc"]
[Result "1-0"]
[WhiteElo "1957"]
[BlackElo "1649"]

1. e4 d5 2. exd5 Qxd5 3. Nc3 Qe6+ 4. Be2 a6 5. Nf3 h6 6. O-O Qg6 7. Re1 c6 8. d4
Nf6 9. Ne5 Qh7 10. Bd3 g6 11. Ne4 Nbd7 12. Nxf6+ exf6 13. Nxg6+ Kd8 14. Nxh8
Qxh8 15. Qh5 Qg7 16. Bxh6 Qg8 17. Bxf8 Nxf8 18. Qa5+ Kd7 19. Bf5+ Ne6 20. d5 Ke7
21. Bxe6 fxe6 22. dxc6 bxc6 23. Qc7+ Kf8 24. Qxc6 Rb8 25. Qd6+ Kg7 26. Qxb8 1-0

[Event "AUTO-OPEN-4314"]
[Site "http://www.queenalice.com/game.php?id=1771770"]
[Date "2021.10.9"]
[Round "1"]
[White "cristianoreboucasbc"]
[Black "francisc059"]
[Result "0-1"]
[WhiteElo "1653"]
[BlackElo "1953"]

1. c4 Nf6 2. f3 g6 3. Nc3 Bg7 4. g4 d5 5. b3 d4 6. Nb1 Nc6 7. d3 O-O 8. a3 e5 9.
Nd2 Be6 10. h3 Ne7 11. Ne4 Nxe4 12. Bb2 Ng3 13. Rh2 Nxf1 14. Kxf1 Nc6 15. Qd2
Ne7 16. e3 c5 17. e4 f5 18. gxf5 gxf5 19. Rg2 f4 20. b4 b6 21. b5 Qd7 22. Ne2
Bxh3 23. Ng1 Bxg2+ 24. Qxg2 Kf7 25. Nh3 Rg8 0-1

[Event "AUTO-OPEN-4314"]
[Site "http://www.queenalice.com/game.php?id=1771796"]
[Date "2021.10.9"]
[Round "1"]
[White "cristianoreboucasbc"]
[Black "LMP1989"]
[Result "0-1"]
[WhiteElo "1690"]
[BlackElo "2062"]

1. e4 c5 2. b3 Nc6 3. Bb2 e5 4. Bb5 d6 5. Qf3 Nf6 6. h3 Be7 7. Nc3 O-O 8. g4 Nd4
9. Qd3 a6 10. Bc4 b5 11. Bd5 Nxd5 12. Nxd5 Be6 13. Bxd4 exd4 14. f3 Bh4+ 15. Kd1
Bxd5 16. exd5 Re8 17. Ne2 Bf6 18. c3 dxc3 19. dxc3 Qa5 20. a3 b4 0-1

[Event "AUTO-OPEN-4314"]
[Site "http://www.queenalice.com/game.php?id=1771811"]
[Date "2021.10.9"]
[Round "1"]
[White "luiz_gustavo"]
[Black "cristianoreboucasbc"]
[Result "1-0"]
[WhiteElo "1763"]
[BlackElo "1678"]

1. e4 e5 2. Nf3 Qe7 3. Nc3 c6 4. g3 d6 5. Bg2 h6 6. O-O Nf6 7. d3 g5 8. b3 Rg8
9. Re1 b5 10. Bb2 h5 11. d4 Nbd7 12. dxe5 Nxe5 13. Nxe5 Qxe5 14. Rb1 g4 15. Nd5
cxd5 16. Bxe5 dxe5 17. exd5 Bb7 18. Rxe5+ Kd8 19. c4 a6 20. Rf5 Rg6 21. Qd4 Be7
22. Re1 Kc7 23. Rxe7+ 1-0

[Event "AUTO-OPEN-4314"]
[Site "http://www.queenalice.com/game.php?id=1771812"]
[Date "2021.10.9"]
[Round "1"]
[White "cristianoreboucasbc"]
[Black "luiz_gustavo"]
[Result "0-1"]
[WhiteElo "1665"]
[BlackElo "1776"]

1. e4 e5 2. Nc3 Nf6 3. Nh3 d6 4. d3 Bxh3 5. gxh3 Nc6 6. a3 Be7 7. h4 h6 8. h5
Qd7 9. Rg1 Nd4 10. Rxg7 Bf8 11. Rg3 Nxh5 12. Rg2 O-O-O 13. Nd5 Nf4 14. Nxf4 exf4
15. Bxf4 Qc6 16. c3 Ne6 17. Be3 a6 18. Qg4 Kb8 19. d4 Qd7 20. d5 Nc5 21. Qxd7
Nxd7 0-1

[Event "Challenge"]
[Site "http://www.queenalice.com/game.php?id=1774109"]
[Date "2021.11.6"]
[Round "-"]
[White "cristal_negro"]
[Black "cristianoreboucasbc"]
[Result "1-0"]
[WhiteElo "1910"]
[BlackElo "1697"]

1. e4 e5 2. Nf3 d6 3. c3 a6 4. Bc4 f6 5. Nh4 g6 6. d4 Nd7 7. dxe5 Nxe5 8. Bb3 f5
9. Qd5 Ne7 10. Qd1 fxe4 11. Bg5 Qd7 12. O-O h6 13. Bf4 g5 14. Qh5+ Kd8 15. Bxe5
Rg8 16. Bxg8 Nxg8 17. Bg3 1-0